| 000 | 00356nam a2200145Ia 4500 | ||
|---|---|---|---|
| 008 | 150201s2007 xx 000 0 und d | ||
| 082 |
_a617.525 _bC2007S |
||
| 100 | _aSENIOR EDITOR | ||
| 245 | _aCONTEMPORARY ORAL & MAXILLOFACIAL SURGERY | ||
| 250 | _a4TH | ||
| 260 |
_bMOSBY _aDELHI _c2007 |
||
| 300 | _a1-776 | ||
| 650 | _aORAL SURGERY | ||
| 942 |
_2ddc _cBK |
||
| 999 |
_c3755 _d3755 |
||